| 000 | 00372cam a22001217a 4500 | ||
|---|---|---|---|
| 008 | 180718b1967 xxu||||| |||| 00| 0 eng d | ||
| 082 | _aA81x54 In2/61/21 | ||
| 100 | _aCensus of India 1961 | ||
| 245 | _aLaccadive, Minicoy and Amindivi Islands: tables | ||
| 260 |
_aDelhi _bThe Manager of Publications _c1967 |
||
| 300 | _a462+p. | ||
| 440 | _aCensus of India 1961. Volume XXI | ||
| 999 |
_c483954 _d483954 |
||